MARC details
| 000 -LEADER |
| fixed length control field |
01706cam a2200385 a 4500 |
| 001 - CONTROL NUMBER |
| control field |
3861222 |
| 003 - CONTROL NUMBER IDENTIFIER |
| control field |
OSt |
| 005 - DATE AND TIME OF LATEST TRANSACTION |
| control field |
20230620120047.0 |
| 008 - FIXED-LENGTH DATA ELEMENTS--GENERAL INFORMATION |
| fixed length control field |
880516m19871990nyuab b i000 0 eng |
| 010 ## - LIBRARY OF CONGRESS CONTROL NUMBER |
| LC control number |
88141080 |
| 020 ## - INTERNATIONAL STANDARD BOOK NUMBER |
| International Standard Book Number |
9211511658 (pbk.) |
| 040 ## - CATALOGING SOURCE |
| Original cataloging agency |
DLC |
| Transcribing agency |
DLC |
| Modifying agency |
DLC |
| 082 00 - DEWEY DECIMAL CLASSIFICATION NUMBER |
| Classification number |
304.6 |
| Edition number |
19 |
| Item number |
UN |
| 245 00 - TITLE STATEMENT |
| Title |
World population policies. |
| 260 ## - PUBLICATION, DISTRIBUTION, ETC. (IMPRINT) |
| Place of publication, distribution, etc. |
New York : |
| Name of publisher, distributor, etc. |
United Nations, |
| Date of publication, distribution, etc. |
1987-1990. |
| 300 ## - PHYSICAL DESCRIPTION |
| Extent |
3 v. : |
| Other physical details |
ill., maps ; |
| Dimensions |
28 cm. |
| 490 1# - SERIES STATEMENT |
| Series statement |
Population studies ; |
| Volume/sequential designation |
no. 102 |
| 500 ## - GENERAL NOTE |
| General note |
At head of title: Department of International Economic and Social Affairs. |
| 500 ## - GENERAL NOTE |
| General note |
"Publication replaces Population policy briefs, current situation in developing countries (ST/ESA/SER.R/62); Population policy briefs, current situation in developed countries (ST/ESA/SER.R/63); and Population policy compendium."--V. 1, p. iii. |
| 500 ## - GENERAL NOTE |
| General note |
"ST/ESA/SER.A/102." |
| 500 ## - GENERAL NOTE |
| General note |
"ST/ESA/SER.A/102/Add.1" (v. 2). |
| 500 ## - GENERAL NOTE |
| General note |
"ST/ESA/SER.A/192/Add.2" (v. 3). |
| 500 ## - GENERAL NOTE |
| General note |
"United Nations publication sales no. E.87.XIII.4"--V. 1, p. [ii]. |
| 500 ## - GENERAL NOTE |
| General note |
"United Nations publication sales no. E.89.XIII.3"--V. 2, p. [ii]. |
| 500 ## - GENERAL NOTE |
| General note |
"United Nations publication sales no. E.89.XIII.2"--V. 3, p. [ii]. |
| 504 ## - BIBLIOGRAPHY, ETC. NOTE |
| Bibliography, etc |
Includes bibliographies. |
| 505 0# - FORMATTED CONTENTS NOTE |
| Formatted contents note |
v. 1. Afghanistan to France -- v. 2. Gabon to Norway -- v. 3. Oman to Zimbabwe. |
| 650 #0 - SUBJECT ADDED ENTRY--TOPICAL TERM |
| Topical term or geographic name as entry element |
Population. |
| 650 #0 - SUBJECT ADDED ENTRY--TOPICAL TERM |
| Topical term or geographic name as entry element |
Population policy. |
| 710 2# - ADDED ENTRY--CORPORATE NAME |
| Corporate name or jurisdiction name as entry element |
United Nations. |
| Subordinate unit |
Department of International Economic and Social Affairs. |
| 830 #0 - SERIES ADDED ENTRY--UNIFORM TITLE |
| Uniform title |
Population studies (New York, N.Y.) ; |
| Volume number/sequential designation |
no. 102. |
| 906 ## - LOCAL DATA ELEMENT F, LDF (RLIN) |
| a |
7 |
| b |
cbc |
| c |
orignew |
| d |
2 |
| e |
ncip |
| f |
19 |
| g |
y-gencatlg |
| 942 ## - ADDED ENTRY ELEMENTS (KOHA) |
| Source of classification or shelving scheme |
Dewey Decimal Classification |
| Koha item type |
Books |